Aspectos de la lógica modal /
Guardado en:
| Autor Principal: | |
|---|---|
| Autor Corporativo: | |
| Formato: | Libro |
| Idioma: | Spanish |
| Publicado: |
Bahía Blanca :
Instituto de Matemática, Universidad Nacional del Sur,
1971.
|
| Series: | Notas de lógica matemática,
28 Notas de lógica matemática (Instituto de Matemática, Universidad Nacional del Sur) ; 28 |
| Acceso en línea: | Texto escaneado (PDF) |
| Etiquetas: |
Agregar Etiqueta
Sin Etiquetas, Sea el primero en etiquetar este registro!
|
| LEADER | 00875nam a2200205 a 4500 | ||
|---|---|---|---|
| 001 | MAT.inmabb006443 | ||
| 008 | 110214s1971####ag#a#####b###f001#0#spa## | ||
| 005 | 20151229095919.0 | ||
| 245 | 1 | 0 | |a Aspectos de la lógica modal / |c por David Makinson. |
| 260 | |a Bahía Blanca : |b Instituto de Matemática, Universidad Nacional del Sur, |c 1971. | ||
| 300 | |a 131 p. : |b il. ; |c 27 cm. | ||
| 440 | 0 | |a Notas de lógica matemática, |x 0078-2017 ; |v 28 | |
| 504 | |a Incluye referencias bibliográficas (p. 126-131). | ||
| 510 | 4 | |a MR, |c 51 #12483 | |
| 100 | 1 | |a Makinson, David Clemente. | |
| 710 | 2 | |a Instituto de Matemática. INMABB. UNS. CONICET. | |
| 830 | 0 | |a Notas de lógica matemática (Instituto de Matemática, Universidad Nacional del Sur) ; |v 28 | |
| 084 | |a 03B45 |2 msc2000 | ||
| 856 | 4 | 1 | |u http://inmabb-conicet.gob.ar/publicaciones/nlm/Nlm-28.pdf |y Texto escaneado (PDF) |
| 859 | |b BIB. MATEMATICA | ||
